00835nam a22002177a 45000010005000000030006000050050017000110080041000280400029000690500008000980820008001061000018001142450076001322600049002083000049002575050008003065200220003145210029005345210020005637000034005839998FISKH20260403110527.0260325b cb ||||| |||| 00| 0 eng d aFISKHbengcFISKHdFISKH aPZ7 aFic aBunting , Eve aRosie and Mr. William Star /cby Eve Bunting : pictures by Jerry Pinkey aBoston :bHoughton Mifflin Company ,c1981 . a16 pages : bcolor illustrations ;c23 cm .  aG  aThis story is about a young girl named Rosie who forms a friendship with an elderly man named Mr. William Star. He is a lonely person and does not have many friends. Rosie approaches him with sincerity and kindness.8 a400 bLexile estimate 8 aG bRaz-Plus  aPinkney , JerryeIllustrator